<?xml version="1.0" encoding="UTF-8"?>
<record
    xmlns:xsi="http://www.w3.org/2001/XMLSchema-instance"
    xsi:schemaLocation="http://www.loc.gov/MARC21/slim http://www.loc.gov/standards/marcxml/schema/MARC21slim.xsd"
    xmlns="http://www.loc.gov/MARC21/slim">

  <leader>00777na  a2200253   4500</leader>
  <controlfield tag="001">13948</controlfield>
  <controlfield tag="003">MIRAKIL</controlfield>
  <controlfield tag="005">20181213154733.0</controlfield>
  <controlfield tag="008">160908b        tu            000 0      </controlfield>
  <datafield tag="020" ind1=" " ind2=" ">
    <subfield code="a">9786050918311</subfield>
  </datafield>
  <datafield tag="035" ind1=" " ind2=" ">
    <subfield code="a">13948</subfield>
  </datafield>
  <datafield tag="040" ind1=" " ind2=" ">
    <subfield code="a">Milas</subfield>
    <subfield code="b">tur</subfield>
    <subfield code="c">TR-AnCHP</subfield>
  </datafield>
  <datafield tag="082" ind1=" " ind2=" ">
    <subfield code="a">926 Tara,&#x15E;.</subfield>
    <subfield code="b">T99&#x15F; 2013</subfield>
  </datafield>
  <datafield tag="090" ind1=" " ind2=" ">
    <subfield code="a">926 Tara,&#x15E;. T99&#x15F; 2013</subfield>
  </datafield>
  <datafield tag="100" ind1=" " ind2=" ">
    <subfield code="a">T&#xFC;z&#xFC;n, &#xC7;i&#x11F;dem</subfield>
  </datafield>
  <datafield tag="245" ind1=" " ind2=" ">
    <subfield code="a">&#x15E;ar&#x131;k Tar&#x131;k s&#x131;n&#x131;rlar&#x131;n &#xF6;tesinde</subfield>
    <subfield code="b">i&#x15F; ya&#x15F;am&#x131; ve uluslararas&#x131; ili&#x15F;kiler</subfield>
    <subfield code="c">&#xC7;i&#x11F;dem T&#xFC;z&#xFC;n , S&#xFC;han Muratl&#x131;</subfield>
  </datafield>
  <datafield tag="246" ind1=" " ind2=" ">
    <subfield code="b">i&#x15F; ya&#x15F;am&#x131; ve uluslararas&#x131; ili&#x15F;kiler</subfield>
  </datafield>
  <datafield tag="260" ind1=" " ind2=" ">
    <subfield code="a">&#x130;stanbul</subfield>
    <subfield code="b">Do&#x11F;an Kitap</subfield>
    <subfield code="c">2013</subfield>
  </datafield>
  <datafield tag="300" ind1=" " ind2=" ">
    <subfield code="a">329 s.</subfield>
    <subfield code="c">21 sm.</subfield>
  </datafield>
  <datafield tag="600" ind1=" " ind2=" ">
    <subfield code="a">Tara,&#x15E;ar&#x131;k</subfield>
    <subfield code="d">(1930- )</subfield>
    <subfield code="x">An&#x131;lar</subfield>
  </datafield>
  <datafield tag="650" ind1=" " ind2=" ">
    <subfield code="a">&#x130;&#x15F; adamlar&#x131;</subfield>
  </datafield>
  <datafield tag="700" ind1=" " ind2=" ">
    <subfield code="a">Muratl&#x131;, S&#xFC;han</subfield>
  </datafield>
  <datafield tag="942" ind1=" " ind2=" ">
    <subfield code="2">ddc</subfield>
    <subfield code="c">BKS</subfield>
  </datafield>
  <datafield tag="952" ind1=" " ind2=" ">
    <subfield code="a">0001</subfield>
    <subfield code="b">0001</subfield>
    <subfield code="d">2016-08-22</subfield>
    <subfield code="e">2</subfield>
    <subfield code="l">0</subfield>
    <subfield code="o">926 Tara,&#x15E;. T99&#x15F; 2013</subfield>
    <subfield code="p">001806</subfield>
    <subfield code="r">2016-08-22 00:00:00</subfield>
    <subfield code="v">0.00</subfield>
    <subfield code="w">2016-08-22</subfield>
    <subfield code="y">BKS</subfield>
  </datafield>
  <datafield tag="999" ind1=" " ind2=" ">
    <subfield code="c">88</subfield>
    <subfield code="d">88</subfield>
  </datafield>
</record>
